Quiz o roku 1999 - Statystyki

Ogólne statystyki
  • Ten quiz został rozwiązany 14 razy
  • Średni wynik to 10 z 16
Statystyki odpowiedzi
Podpowiedź Odpowiedź % Poprawnych
Na tyle województw podzielono Polskę wg. nowej reformy administracyjnej 16
100%
Nieistniejąca dziś trzyletnia szkoła między podstawówką a liceum, główny cel reformy systemu oświaty z 1999 r. Gimnazjum
100%
Sojusz Północnoatlantycki, do którego przystąpiły Polska, Czechy i Węgry NATO
100%
Największa premiera filmowa w III RP, adaptacja jednej z części "Trylogii" Sienkiewicza Ogniem i Mieczem
100%
Kolejny serial debiutujący w tym roku, opowiadał o losach rodziny Kwiatkowskich i ich adoptowanych dzieci Rodzina Zastępcza
100%
Piosenkarka, która zdobyła popularność za sprawą hitu "...Baby One More Time" Britney Spears
92%
Z tym bośniackim muzykiem współpracowała Kayah m.in. przy hitowym utworze "Prawy do Lewego" Goran Bregović
75%
Popularne w latach 90. i 2000. określenie numerów premium, kojarzone w Polsce głównie z reklamami erotycznymi czy wróżbami, a także kosmicznie wysokimi kosztami 0-700
67%
Aktor, który zagrał główną rolę Tylera Durdena w filmie Fight Club Brad Pitt
58%
Jeden z najbardziej wpływowych popkulturowo filmów science-fiction. Matrix
50%
Kultowy album grupy Red Hot Chili Peppers Californication
42%
Główny bohater serialu, a także głowa mafijnej "Rodziny Soprano", w którego wcielał się James Gandolfini Tony Soprano
33%
Utwór wykonywany przez Jana Pawła II, który przez wiele tygodni okupował podium listy listy przebojów "30 ton" Abbà Pater Pater Noster
25%
Miejscowość w Kolorado, na terenie której doszło do jednej z największych masowych strzelanin szkolnych w historii Columbine
25%
Termin określający potencjalne skutki błędów w nazewnictwie dat (m.in. w komputerach) wraz z wejściem w nowe tysiąclecie Pluskwa milenijna | Y2K
25%
Dwuwymiarowa gra strategiczna w której gracze sterują robakami walczącymi ze sobą za pomocą różnych absurdalnych broni Worms: Armageddon
25%
Nie znaleziono quizów pasujących do podanych kryteriów
Rozkład punktacji
Procent ludzi z każdym wynikiem
Percentyl według liczby udzielonych odpowiedzi
Twoja historia wyników
Nie rozwiązałeś tego quizu